Taylor Swift - Devine la chanson sans indices #32 - Statistiques

Statistiques générales
  • Ce quiz a été pris 345 fois
  • Le résultat moyen est 357 sur 500
Statistiques - réponses
Réponse % Correct
I
98%
a
96%
you
96%
you,
96%
You
96%
(oh)
91%
(oh-oh)
91%
ooh
91%
(ooh
91%
ooh)
91%
uh
91%
the
90%
Eeh
86%
eeh
86%
eeh,
86%
(Eeh
86%
me
86%
"me"
86%
me)
86%
Me-e-e,
86%
me-e-e
86%
Me-e-e
86%
love
85%
is
82%
we
82%
on
81%
that
81%
your
80%
And
79%
(And
79%
and
79%
(and
79%
like
79%
Like
79%
of
78%
no
77%
I'm
76%
(I'm
76%
in
76%
it
76%
my
76%
when
76%
know
74%
to
74%
where
74%
you're
74%
You're
74%
never
73%
one
73%
one
72%
one,
72%
find
68%
go
68%
only
68%
baby,
67%
Baby
67%
Baby,
67%
baby
67%
baby)
67%
(baby,
67%
with
66%
you'll
66%
another
65%
But
65%
fun
65%
fun!
65%
there)
65%
there
65%
all
64%
am
63%
promise
63%
not
62%
that's
62%
can't
60%
what
60%
out
58%
spell
58%
want
58%
see
55%
think
55%
lover
53%
gonna
52%
there's
52%
colors
51%
had
51%
rain
51%
Spelling
51%
well
51%
others
50%
before
49%
'Cause
49%
cool
49%
lot
48%
rainbow
48%
things
48%
will
48%
without
48%
Hey,
47%
kids!
47%
comes
46%
guy
46%
jump
46%
phone
46%
these
46%
just
45%
get
44%
kind
44%
leave
44%
alone
43%
Girl,
43%
nobody's
43%
chicks
42%
ladies
42%
guys
40%
psycho
39%
about
38%
"awesome"
38%
enough
38%
make
38%
walk
37%
wanna
37%
name
36%
three
36%
two,
36%
went
36%
follow
34%
handful,
34%
"team"
34%
away
33%
called
33%
doll,
33%
keep
33%
summer
33%
three
33%
two,
33%
up,
33%
ain't
32%
company
32%
fight
32%
Let
32%
(yeah),
31%
after
30%
lame
30%
ran
30%
trouble's
29%
tend
26%
winter,
25%
bore
22%
Livin'
21%
Strike
21%
won't
19%
band
18%
stop,
11%
Aucun quiz correspondant
Distribution des résultats
% des personnes avec chaque résultat
Percentile par nombre de réponses
Votre historique - résultats
Vous n’avez pas pris ce quiz